| 000 | 00561nam a2200181Ia 4500 | ||
|---|---|---|---|
| 003 | OSt | ||
| 005 | 20240502114508.0 | ||
| 008 | 210210b1957 xxu||||| |||| 00| 0 eng d | ||
| 040 | _cAL | ||
| 041 | _aKannada | ||
| 082 | _a854/87 | ||
| 100 |
_aGOPALAKRASHNARAYA (K) _dಗೋಪಾಲಕೃಷ್ಣರಾಯ (ಕೆ) _9161309 |
||
| 245 |
_aAdhunika gadya sahitya _b ಆಧುನಿಕ ಗದ್ಯ ಸಾಹಿತ್ಯ |
||
| 260 |
_aBengaluru _bKannada Sahitya Parishattu _c1957 |
||
| 690 |
_aKannada Criticism _9161313 |
||
| 906 | _a019939 | ||
| 942 |
_2ddc _cBK |
||
| 999 |
_c144089 _d144089 |
||